| 000 | 01363nam a22003617a 4500 | ||
|---|---|---|---|
| 003 | CHAP | ||
| 005 | 20220329135007.0 | ||
| 008 | 971013s1979 r 00010 d | ||
| 010 | _a29205 | ||
| 011 | _a30177 | ||
| 035 | _a34289 | ||
| 040 | _cCHAP | ||
| 090 | _aTesis | ||
| 100 | 0 | 0 |
_aLeón Yeverino, Jorge Luis de. _966207 |
| 245 | _aEfectos de etefón sobre la expresión sexual y la producción en el cultivo de calabaza (Cucurbita pepo L.) en condiciones de "El meaquital" de Apodaca, N.L., primavera de 1979 | ||
| 260 |
_a[Monterrey, N.L.] : _bEl autor, _c1979 |
||
| 300 |
_a47 h. _b: gráfs. |
||
| 502 | _aTesis (Ing. Agr. Admistrador) -- ITESM. Div. de Ciencias Agropecuarias y Marítimas | ||
| 590 |
_aALEPH _b10 _c20130110 _lUCH01 _h1250 |
||
| 590 |
_aBATCH-UPD _b10 _c20130110 _lUCH01 _h0150 |
||
| 590 |
_aBATCH-UPD _b10 _c20130110 _lUCH01 _h1640 |
||
| 590 |
_aBATCH-UPD _b10 _c20130409 _lUCH01 _h2151 |
||
| 590 |
_aBATCH-UPD _b10 _c20130410 _lUCH01 _h1031 |
||
| 590 |
_aBATCH-UPD _b10 _c20130914 _lUCH01 _h0813 |
||
| 590 |
_aCONVERSION _b10 _c20130109 _lUCH01 _h1317 |
||
| 650 | 1 | 4 |
_aAcido cloroetilfosfonico 2. _9578 |
| 650 | 1 | 4 |
_aCalabaza _xFisiología y morfología. _917272 |
| 650 | 1 | 4 |
_aCalabaza _xRendimiento. _917294 |
| 650 | 1 | 4 |
_aPlantas _xCrecimiento _xAditivos. _988804 |
| 901 | _aBK | ||
| 942 | _cTESIS | ||
| 949 |
_bBC _cTES _d-79462 _eTS1 _i34289 _si |
||
| 999 |
_c29205 _d29205 |
||